Quiz Génies en Herbe - 5 - Arts - Statistiques

Statistiques générales
  • Ce quiz a été pris 42 fois
  • Le résultat moyen est 11 sur 15
Statistiques - réponses
Question Réponse % Correct
Qui a peint La nuit étoilé ? Vincent Van Gogh
100%
Quel artiste de rue à fait plusieurs oeuvres comme Flower Thrower et La petite fille au ballon? Banksy
91%
À quel mouvement artistique associez-vous Claude Monet et Auguste Renoir? Impressionnisme
91%
À quel couleur peut-on associer les teintes chartreuse, jade et fougère? Vert
91%
Dans quel ville ce situe le Rijksmuseum? Amsterdam
85%
De quoi sontcomposés les personnages représentés sur les toiles de la série intitulée Les Saisons du peintre italien Giuseppe Arcimboldo? Fruits et Légumes
82%
Quel est le musée le plus visité du monde? Le Louvre
82%
Quelle technique artistique, qu’on peut admirer aux stations Vendôme et Champ-de-Mars du métro de Montréal, est une composition translucide formée de pièces de verre? Vitrail
76%
De quel pays vient le sculpteur Auguste Rodin? France
74%
Quel mouvement artistique a été marqué par les peintres Joan Miro et Salvador Dali? Surréalisme
74%
Parmi les énoncés suivant, lequel n'est pas une oeuvre de l'architecte Antoni Gaudi? Arc de Triomf(celui d'Espagne)
56%
Quel est le 1er art? Architecture
53%
Dans quelle oeuvre peut-on voir la technique du sfumato? La Joconde
47%
Quel bâtiment de la ville de Québec, ouvert en 1893, a été conçue par l'architecte Bruce Price et est l'hôtel le plus photographié du monde? Le Château Frontenac
47%
Le pavillon de quel pays durant l'Expo 67 ressemblait à un dôme et est toujours encore présent aujourd'hui? États-Unis
26%
Aucun quiz correspondant
Distribution des résultats
% des personnes avec chaque résultat
Percentile par nombre de réponses
Votre historique - résultats
Vous n’avez pas pris ce quiz